Geography Quiz

Random Geography or City Quiz

2010 Cities Redux Quiz Stats

 Plays Quiz not verified by Sporcle

Support Sporcle.
Go Orange.
Score 0/282 Timer 20:00
0 Plays Today
City % Correct
New York
98.4%
Dallas
98%
Chicago
97.7%
Houston
97.7%
Phoenix
97.7%
Los Angeles
97.5%
Seattle
97.5%
Las Vegas
97.5%
Philadelphia
97.3%
Portland
97.3%
Detroit
97.1%
Denver
97.1%
Kansas City
96.8%
Kansas City
96.8%
Indianapolis
96.6%
Boston
96.6%
Columbus
96.2%
Miami
96.2%
Columbus
96.2%
San Diego
95.9%
Baltimore
95.7%
Oklahoma City
95.7%
Washington
95.5%
Austin
95.2%
Pittsburgh
95%
Jackson
95%
San Francisco
94.8%
Nashville
94.8%
Memphis
94.3%
Minneapolis
94.3%
Jacksonville
94.1%
Cleveland
93.9%
Charlotte
93.7%
Atlanta
93.7%
San Antonio
93.2%
New Orleans
92.8%
St. Louis
92.5%
Louisville
92.1%
Raleigh
91.6%
Cincinnati
91.6%
Buffalo
91.6%
San Jose
91.2%
Tampa
91%
Orlando
91%
Milwaukee
90.5%
Fort Worth
90.3%
St. Paul
90.3%
El Paso
90%
Little Rock
90%
Salt Lake City
88.9%
Sacramento
88.7%
Omaha
88.7%
Newark
87.3%
Oakland
86.7%
Madison
86.4%
Tulsa
86.2%
Reno
86%
Honolulu
85.5%
Birmingham
85.5%
Albuquerque
85.3%
Lincoln
85.3%
Providence
85.1%
Rochester
84.2%
Rochester
84.2%
Colorado Springs
83.9%
Baton Rouge
83.5%
Springfield
83.5%
Springfield
83.5%
Springfield
83.5%
Anchorage
83.3%
Tucson
83%
Lexington
83%
Richmond
82.6%
Richmond
82.6%
Knoxville
82.1%
Boise
81.9%
Virginia Beach
81.7%
Des Moines
81.4%
Hartford
81%
Syracuse
80.8%
Wichita
80.1%
Spokane
80.1%
Dayton
80.1%
Arlington
79.4%
Arlington
79.4%
Fresno
79.2%
Columbia
79.2%
Columbia
79.2%
Durham
78.5%
Toledo
78.3%
Mobile
78.3%
Long Beach
77.8%
Tacoma
77.8%
Aurora
77.6%
City % Correct
Aurora
77.6%
Charleston
77.1%
Grand Rapids
76.9%
Mesa
76.7%
Jersey City
76.5%
Anaheim
75.1%
St. Petersburg
74.9%
Montgomery
74.9%
Tallahassee
74.9%
Topeka
74.4%
Akron
74%
Savannah
72.9%
Norfolk
72.6%
Bakersfield
72.2%
Provo
71.9%
Eugene
70.8%
Lansing
70.8%
Scottsdale
70.1%
Fort Wayne
69.9%
Shreveport
69.9%
Flint
69.7%
Riverside
69.5%
Greensboro
69%
Green Bay
68.8%
Fargo
68.6%
Ann Arbor
68.3%
Corpus Christi
68.1%
Henderson
68.1%
Glendale
68.1%
Augusta
68.1%
Glendale
68.1%
Peoria
67.9%
Peoria
67.9%
Fort Lauderdale
67.6%
Plano
67.2%
Tempe
67.2%
Amarillo
66.7%
Salem
66.3%
New Haven
66.3%
Stockton
66.1%
Bridgeport
66.1%
Wilmington
65.6%
Waco
65.4%
Lubbock
65.2%
Winston-Salem
65.2%
Chattanooga
64.7%
Huntsville
63.8%
Yonkers
62.9%
Pasadena
62%
Pasadena
62%
Athens
62%
Manchester
62%
Santa Ana
61.5%
Erie
61.5%
Sioux Falls
61.1%
Billings
61.1%
Worcester
60.2%
Alexandria
60.2%
South Bend
60.2%
Irvine
60%
Brownsville
60%
Rockford
60%
Allentown
60%
Newport News
59.7%
Fort Collins
59.7%
San Bernardino
59%
North Las Vegas
58.6%
Chandler
58.4%
Lafayette
58.1%
Irving
57.7%
Hialeah
57.5%
Cambridge
57.5%
Evansville
57.2%
Stamford
57%
Laredo
56.8%
Modesto
56.6%
Cedar Rapids
56.1%
Fayetteville
55.9%
Overland Park
55.7%
Norman
55.4%
Vancouver
55.2%
Orange
54.8%
Hollywood
54.5%
Pueblo
54.5%
Chula Vista
54.3%
Gainesville
54.1%
Joliet
53.8%
Cary
53.8%
Gilbert
53.6%
Bellevue
53.4%
Naperville
52.9%
Chesapeake
52.3%
Fremont
51.6%
Garland
51.4%
City % Correct
Paradise
50.7%
Abilene
50.7%
Paterson
50.5%
McAllen
50.5%
Elizabeth
50.5%
Independence
49.3%
Midland
49.3%
Lowell
49.3%
Huntington Beach
49.1%
Hampton
48.9%
Berkeley
48.6%
Warren
48.4%
Concord
48.4%
Metairie
47.8%
Oceanside
47.5%
Oxnard
47.3%
Ontario
47.3%
Beaumont
47.1%
Santa Clarita
46.4%
Olathe
46.2%
Santa Clara
46.2%
Waterbury
45.9%
Mesquite
45.5%
Clarksville
45.5%
Santa Rosa
45.2%
Lakewood
45%
Wichita Falls
45%
West Valley City
44.6%
Clearwater
44.6%
Grand Prairie
44.3%
Lancaster
44.3%
Murfreesboro
44.3%
Elgin
43.9%
Surprise
43.7%
Denton
43.4%
Sterling Heights
42.8%
High Point
42.8%
West Jordan
42.5%
Centennial
42.3%
Westminster
42.1%
Daly City
42.1%
Rancho Cucamonga
41.9%
McKinney
41.9%
Thousand Oaks
41.9%
Burbank
41.9%
Pomona
41.6%
Arvada
41.6%
Everett
41.6%
Killeen
41.4%
Moreno Valley
41.2%
Port St. Lucie
40.7%
Pembroke Pines
40.7%
Fontana
40.5%
Cape Coral
40.5%
Escondido
40.3%
Frisco
40.3%
Ventura
40.3%
Salinas
40%
Torrance
39.6%
Hayward
39.6%
Palmdale
39.1%
Spring Valley
39.1%
Sunnyvale
38.9%
Vallejo
38.9%
Miami Gardens
38.9%
Simi Valley
38%
Visalia
37.8%
Corona
37.6%
Fullerton
37.6%
West Covina
37.6%
Inglewood
37.1%
Gresham
37.1%
Roseville
36.7%
Temecula
36.4%
Palm Bay
36.2%
Coral Springs
35.7%
Thornton
35.7%
Garden Grove
35.5%
Elk Grove
33.9%
Carrollton
33.5%
Carlsbad
33.3%
Fairfield
33.3%
Miramar
32.8%
Victorville
32.1%
Downey
31.2%
Costa Mesa
31%
Antioch
30.8%
Norwalk
30.5%
Sunrise Manor
30.4%
El Monte
28.3%
Enterprise
27.5%
Brandon
26.1%
Murrieta
23.8%
East Los Angeles
23.2%

You're not logged in!

Compare scores with friends on all Sporcle quizzes.
OR
Log In

From the Vault

Words About Words

by GeoExpert

We're going to have some words about this quiz about words.
Remove Ads.
Support Sporcle.
Get the best of Sporcle when you Go Orange. This ad-free experience offers more features, more stats, and more fun while also helping to support Sporcle. Thank you for becoming a member.

Show Comments

Extras

Created Apr 3, 2012ReportNominate
Tags:City Quiz, State Quiz, 200, 2010, largest

Top Quizzes Today


Score Distribution

Your Account Isn't Verified!

In order to create a playlist on Sporcle, you need to verify the email address you used during registration. Go to your Sporcle Settings to finish the process.

Report this User

Report this user for behavior that violates our Community Guidelines.

Details: